Rebuilding Britain (Record no. 68622)

MARC details
000 -LEADER
fixed length control field 01526cam a2200289 4500
001 - CONTROL NUMBER
control field ABS64615
008 - FIXED-LENGTH DATA ELEMENTS--GENERAL INFORMATION
fixed length control field 011022n2001 000 0 eng u
035 ## - SYSTEM CONTROL NUMBER
System control number (Sirsi) u115232
100 ## - MAIN ENTRY--PERSONAL NAME
Personal name Fairs, M
245 ## - TITLE STATEMENT
Title Rebuilding Britain
260 ## - PUBLICATION, DISTRIBUTION, ETC.
Date of publication, distribution, etc. 2001
490 ## - SERIES STATEMENT
Series statement Building
Volume/sequential designation 266(8200) 7 September 2001, 37-46(10)
520 ## - SUMMARY, ETC.
Summary, etc. Examines the implications for the construction industry of Blair's pledge to double capital spending by 2004, and provides detailed discussion of the issues involved in social housing construction. The imminent construction boom will provide opportunities for many in the industry, although risks have also been identified regarding the enormity of the workload, the effectiveness of the government procurement machine and public opposition to private sector involvement. Discussion of social housebuilding considers how much can be delivered over the next three years with particular reference to partnering, the planning system and the Egan agenda. Concludes with Lord Falconer's plans to transform government housing pledges into reality. Graphs and table outlining the three-year spending plan for housing.
590 ## - LOCAL NOTE (RLIN)
Local note ABS
650 ## - SUBJECT ADDED ENTRY--TOPICAL TERM
Topical term or geographic name entry element PRIVATE FINANCE INITIATIVE
650 ## - SUBJECT ADDED ENTRY--TOPICAL TERM
Topical term or geographic name entry element PLANNING SYSTEM
650 ## - SUBJECT ADDED ENTRY--TOPICAL TERM
Topical term or geographic name entry element PARTNERING
650 ## - SUBJECT ADDED ENTRY--TOPICAL TERM
Topical term or geographic name entry element EGAN REFORMS
650 ## - SUBJECT ADDED ENTRY--TOPICAL TERM
Topical term or geographic name entry element PFI
650 ## - SUBJECT ADDED ENTRY--TOPICAL TERM
Topical term or geographic name entry element PUBLIC SECTOR
650 ## - SUBJECT ADDED ENTRY--TOPICAL TERM
Topical term or geographic name entry element CONSTRUCTION MARKET
650 ## - SUBJECT ADDED ENTRY--TOPICAL TERM
Topical term or geographic name entry element SOCIAL HOUSING
650 ## - SUBJECT ADDED ENTRY--TOPICAL TERM
Topical term or geographic name entry element CONSTRUCTION OUTPUT
650 ## - SUBJECT ADDED ENTRY--TOPICAL TERM
Topical term or geographic name entry element CAPITAL SPENDING
690 ## - LOCAL SUBJECT ADDED ENTRY--TOPICAL TERM (OCLC, RLIN)
Topical term or geographic name as entry element BUILT ENVIRONMENT
942 ## - ADDED ENTRY ELEMENTS (KOHA)
Suppress in OPAC 0
Holdings
Withdrawn status Lost status Source of classification or shelving scheme Damaged status Not for loan Home library Current library Shelving location Date acquired Total Checkouts Full call number Barcode Date last seen Copy number Price effective from Koha item type
    Dewey Decimal Classification     London London Journal article 22/10/2001   ABS64615 115232-1001 06/08/2019 1 06/08/2019 Journal article